Mega Man 8 - Statistics

General Stats
  • This quiz has been taken 50 times
  • The average score is 15 of 21
Answer Stats
Hint Answer % Correct
Who uses his pump-arm to fill the glass tank on his head? Aqua Man
86%
Who is self-conscious and has two orbs floating around him? Astro Man
86%
Who really likes toys? Clown Man
86%
Who thinks exploding feels good? Grenade Man
86%
Who has two heads and a large gun? Search Man
86%
What new friend hails from outer space? Duo
83%
Who has a hulking body and a simple mentality? Frost Man
83%
Whose body is divided into two halves, each able to disconnect from the other? Sword Man
83%
Who looks like a Japanese goblin? Tengu Man
83%
Which weapon creates a tornado that can elevate Mega Man? Tornado Hold
79%
Which weapon brings meteors crashing down? Astro Crush
71%
Which weapon turns Mega Man's arm into a fire blade? Flame Sword
71%
What weapon is available in the very beginning that Mega Man can kick around? Mega Ball
67%
What platform was Mega Man 8 originally released on? Sony Playstation/Sega Saturn
67%
Which weapon would make a deadly hydro toy? Water Balloon
64%
What year was Mega Man 8 released? 1997
60%
Which weapon is an electrified grappling hook? Thunder Claw
60%
Which weapon is an explosive projectile? Flash Bomb
57%
Which weapon fires a heat-seeking missle? Homing Sniper
57%
Which weapon shoots a stream of icicles forward? Ice Wave
57%
What powerful substance has landed on Earth? Dark Energy
52%
No matching quizzes found
Score Distribution
Percent of People with Each Score
Percentile by Number Answered
Your Score History
You have not taken this quiz